Tiếp cận thông tin đất đai trong hồ sơ địa chính /

সংরক্ষণ করুন:
গ্রন্থ-পঞ্জীর বিবরন
প্রধান লেখক: Đặng Anh Quân.
বিন্যাস: প্রবন্ধ
ভাষা:Vietnamese
বিষয়গুলি:
ট্যাগগুলো: ট্যাগ যুক্ত করুন
কোনো ট্যাগ নেই, প্রথমজন হিসাবে ট্যাগ করুন!
Thư viện lưu trữ: Thư viện Trường Đại học Đà Lạt
LEADER 00795nam a2200277 4500
001 DLU140164713
005 ##20141009
040 # # |a DLU  |b vie 
041 # # |a vie 
044 # # |a vn 
100 # # |a Đặng Anh Quân. 
245 # # |a Tiếp cận thông tin đất đai trong hồ sơ địa chính /  |c Đặng Anh Quân. 
653 # # |a Địa chính 
653 # # |a Quản lý hồ sơ 
653 # # |a Thông tin 
653 # # |a Thực trạng 
773 # # |t Nhà nước và pháp luật   |g Số6(302), 2013, tr. 68-76 
920 # # |a Phòng Tạp chí -- Trung tâm Thông tin - Thư viện Trường Đại học Đà Lạt 
994 # # |a DLU 
900 # # |a True 
911 # # |a Nguyễn Thị Mai Anh 
925 # # |a G 
926 # # |a A 
927 # # |a BB 
980 # # |a Thư viện Trường Đại học Đà Lạt